000 00243nam a2200097Ia 4500
008 230915s9999 xx 000 0 und d
050 _aS 540 .A21 L58 1978
100 _aLITTLE THOMAS M.
245 0 _aAGRICULTURAL EXPERIMENTATION
942 _cBK
999 _c201525
_d201525